Účetnictví v éře controllingu náměty na strukturu a obsah vnitropodnikového účetnictví

Pojem controlling (v USA sa vyvíja z tradičného manažérskeho účtovníctva). Rozdielna situácia vo finančnom a vnútropodnikovom (VNP) účtovníctve. Vnútropodnikové účtovníctvo vo vzťahu k výkonom. Vnútropodnikové účtovníctvo vo vzťahu k podnikovým útvarom. (Pokrač. z č. 6/98).

Saved in:
Bibliographic Details
Main Author: Vysušil, Jiří
Other Authors: Zralý, Martin
Format: Book Chapter
Language:Czech
Subjects:
Tags: Add Tag
No Tags, Be the first to tag this record!

MARC

LEADER 00000naa a2200000 4500
001 r032404
005 20230913084243.2
041 0 |a cze 
044 |a CZ 
245 1 0 |a Účetnictví v éře controllingu  |b náměty na strukturu a obsah vnitropodnikového účetnictví  |c Jiří Vysušil, Martin Zralý 
520 |a Pojem controlling (v USA sa vyvíja z tradičného manažérskeho účtovníctva). Rozdielna situácia vo finančnom a vnútropodnikovom (VNP) účtovníctve. Vnútropodnikové účtovníctvo vo vzťahu k výkonom. Vnútropodnikové účtovníctvo vo vzťahu k podnikovým útvarom. (Pokrač. z č. 6/98). 
610 2 0 |a účtovníctvo 
610 2 0 |a kontroling 
610 2 0 |a pojmy 
610 2 0 |a účtovníctvo finančné 
610 2 0 |a účtovníctvo vnútropodnikové 
610 2 0 |a manažéri 
610 2 0 |a účtovníci 
100 1 |a Vysušil, Jiří 
700 1 |a Zralý, Martin